| 000 | 00550nam a2200169 4500 | ||
|---|---|---|---|
| 001 | 117964 | ||
| 003 | ES-MaACL | ||
| 007 | t| | ||
| 008 | 070214s1924 sp r ||||1| spa d | ||
| 100 | 0 |
_aPelayo, _cObispo de Oviedo, _d-1153 _990026 |
|
| 245 | 1 | 0 |
_aCrónica del Obispo Don Pelayo / _cedición preparada por Benito Sánchez Alonso. |
| 260 |
_aMadrid : _b[s.n.], _c1924 ( _fImp. Sucesores de Hernando) |
||
| 300 |
_a92 p. ; _c22 cm. |
||
| 700 | 1 |
_aSánchez Alonso, Benito. _9102446 |
|
| 852 |
_aES-MaACL _jB-5209 |
||
| 999 |
_c117964 _d117964 |
||